| 000 | 03223nam a22003495i 4500 | ||
|---|---|---|---|
| 999 |
_c6323 _d6323 |
||
| 003 | EG-ScBUE | ||
| 005 | 20201101102441.0 | ||
| 008 | 200219t20062006nju f b 000 0 eng d | ||
| 020 | _a0130485462 | ||
| 020 | _a9780130485465 | ||
| 035 | _a(OCoLC)ocm56482248 | ||
| 040 |
_aEG-ScBUE _beng _erda _cEG-ScBUE _dEG-ScBUE |
||
| 082 | 0 | 4 |
_a810.80928708 _bLEE _222 |
| 245 | 0 | 4 |
_aThe Prentice Hall anthology of African American women's literature / _cValerie Lee, editor, The Ohio State University. |
| 246 | 3 | _aAfrican American women's literature | |
| 264 | 1 |
_aUpper Saddle River, N.J. : _bPearson Prentice Hall, _c[2006] |
|
| 264 | 4 | _cc2006 | |
| 300 |
_axxx, 426 pages : _bmap ; _c26 cm |
||
| 336 |
_atext _btxt _2rdacontent |
||
| 337 |
_aunmediated _bn _2rdamedia |
||
| 338 |
_avolume _bnc _2rdacarrier |
||
| 504 | _aIncludes bibliographical references. | ||
| 505 | 2 | _aThe colonial and antebellum periods. Lucy Terry Prince -- Phillis Wheatley -- Jarena Lee -- Sojourner Truth -- Nancy Gardner Prince -- Maria W. Stewart -- Harriet Jacobs -- Julia A. Foote -- Frances E.W. Harper -- Harriet E. Wilson -- Hannah Crafts -- The reconstruction period. Elizabeth Keckley -- Charlotte L. Forten GrimkeÌ? -- Gertrude Bustill Mossell -- Anna Julia Cooper -- Pauline E. Hopkins -- Ida B. Wells-Barnett -- Expansion, experimentation, and excellence: 20th- and 21st-century African American women's writings. The Harlem renaissance. Alice Moore Dunbar-Nelson -- Angelina Weld GrimkeÌ? -- Anne Spencer -- Jessie Redmon Fauset -- Mary Effie Lee Newsome -- Georgia Douglas Johnson -- Zora Neale Hurston -- Nella Larsen -- Marita Bonner -- Gwendolyn B. Bennett -- Helene Johnson -- The 1940s-1959. Dorothy West -- Ann Petry -- Margaret Walker -- Gwendolyn Brooks -- Lorraine Hansberry -- Literature of the Black aesthetic movement: the 1960s and 1970s. Alice Childress -- Naomi Long Madgett -- Maya Angelou -- Paule Marshall -- Kristin Hunter -- Sonia Sanchez -- June Jordan -- Nikki Giovanni -- Carolyn M. Rodgers -- Literature of the second renaissance: the 1970s and 1980s. Toni Morrison -- Adrienne Kennedy -- Audre Lorde -- Lucille Clifton -- Jayne Cortez -- Toni Cade Bambara -- J. California Cooper -- BarbaraNeely -- Alice Walker -- Pat Parker -- Sherley Anne Williams -- Marilyn Nelson Waniek -- Michelle Cliff -- Octavia Butler -- Ntozake Shange -- Jewelle Gomez -- Alexis De Veaux -- Gloria Naylor -- Marita Golden -- Rita Dove -- Jewell Parker Rhodes -- Literature from the new millennium: the 1990s to the 21st century. Tina McElroy Ansa -- Bebe Moore Campbell -- Terry McMillan -- Julie Dash -- Harryette Mullen -- Itabari Njeri -- Thylias Moss -- Jessica Care Moore -- Pearl Cleage -- Tayari Jones -- Black feminist criticism and womanist theories. Barbara Christian -- Karla Holloway -- Audre Lorde -- Deborah McDowell -- Carla Peterson. | |
| 650 | 7 |
_aAmerican literature _xAfrican American authors. _2BUEsh |
|
| 650 | 7 |
_aAfrican American women _vLiterary collections. _2BUEsh |
|
| 650 | 7 |
_aAfrican Americans _vLiterary collections. _2BUEsh |
|
| 650 | 7 |
_aAmerican literature _xWomen authors. _2BUEsh |
|
| 651 | _2BUEsh | ||
| 653 |
_bHHUUEENN _cNovember2020 |
||
| 700 | 1 |
_aLee, Valerie, _d1950- _eeditor. |
|
| 942 |
_cBB _2ddc |
||